Normal view
MARC view
- Locker, Kitty O
Entry Personal Name
001 - CONTROL NUMBER
- control field: 36096
003 - CONTROL NUMBER IDENTIFIER
- control field: NUST
005 - DATE AND TIME OF LATEST TRANSACTION
- control field: 20210312152107.0
008 - FIXED-LENGTH DATA ELEMENTS
- fixed length control field: 210312|| aca||aabn | a|a d
040 ## - CATALOGING SOURCE
- Original cataloging agency: NUST
- Transcribing agency: NUST
100 ## - HEADING--PERSONAL NAME
- Personal name: Locker, Kitty O
670 ## - SOURCE DATA FOUND
- Source citation: Work cat.: (NUST)15117: Locker, Kitty O., Business communication :, c2007.
